| 000 | 01429cab a2200205 4500 | ||
|---|---|---|---|
| 001 | ABS47691 | ||
| 008 | 090401t1992 xxu||||| |||| 00| 0 eng d | ||
| 035 | _a(Sirsi) u63081 | ||
| 041 | _aeng | ||
| 245 | _aBrent LBC v O`Bryan and others | ||
| 260 | _c1992 | ||
| 350 | _a0 | ||
| 490 |
_aRent Review & Lease Renewal _v13(1) Autumn 1992,49-55 |
||
| 520 | _aCA 6 July 1992. The defendant (O) occupied a disused scout hut owned by the plaintiff (B) in 1988. O wrote to B expressing an interest in purchasing the premises. O subsequently sent B £54.50 cash as payment of what she described as ground rent. Later that year B wrote to O stating that the education committee had agreed to a monthly letting on terms to be laid down by a valuer. B wrote a letter in 1990 offering a monthly licence at a rental of £400 per month. O`s solicitors acknowledged the letter but the terms were never accepted. B subsequently gave O notice to quit and sought possession of the premises. The judge held that the letter sent by B to O constituted an agreement to grant a monthly tenancy and rejected B`s claims, so B appealed. It was "held" that the letter did not constitute an agreement; it was merely an offer which had not been accepted, therefore B was entitled to possession. | ||
| 650 | _aLEASE TERMS | ||
| 650 | _aNOTICE TO QUIT | ||
| 690 | _aLANDLORD AND TENANT-CASE LAW-BUSINESS TENANCIES | ||
| 942 | _n0 | ||
| 948 | _c04/03/1997 | ||
| 999 |
_c39211 _d39211 |
||